000 00406cam a2200169ua 4500
001 10731
008 141115n1997 II |||gr||||Z||||||eng
040 _aMAIN
041 _aEnglish
082 _a640 MUD
100 _aMUDAMBI, SUMATI R.
245 _aFOOD SCIENCE
260 _aNEW DELHI
_bNEW AGE INTERNATIONAL LTD.
_c1997
300 _a221.:
_c21CM.
653 _aHome & family management
942 _cBK
999 _c10700
_d10700